Statystyki dla Najczęściej zgadywane kraje A-Z

Kliknij tutaj aby rozwiązać quiz!

Ogólne statystyki

  • Ten quiz został rozwiązany 17 598 razy
  • Średni wynik to 14 z 23

Statystyki odpowiedzi

litera%kraj% Poprawnych
P97Polska
90%
R96Rosja
85%
F94Francja
84%
D88Dania
79%
L / Ł91Litwa
75%
C94Chiny
73%
H94Hiszpania
69%
S93Stany
Zjednoczone
69%
B92Brazylia
68%
O59Oman
66%
J91Japonia
64%
N95Niemcy
64%
G87Grecja
63%
T88Turcja
60%
A92Australia
56%
K93Kanada
54%
I87Indie
53%
U93Ukraina
52%
W93Wlochy
51%
E88Egipt
38%
M91Meksyk
35%
V17Vanuatu
34%
Z57Zjednoczone
Emiraty
Arabskie
21%

Rozkład punktacji

Percentyl według liczby udzielonych odpowiedzi

Procent ludzi z każdym wynikiem

Twoja historia wyników

Nie rozwiązałeś tego quizu